000
00187nam a2200073Ia 4500
008
170620s9999 xx 000 0 und d
100
_a
Mathur
245
0
_a
General Methods- School Org. and School Hygine
260
_b
APOLO
999
_c
27308
_d
27308